000 00852nam a2200325Ia 4500
003 OSt
005 20220912151739.0
006 a|||||r|||| 00| 0
007 ta
008 220909b |||||||| |||| 00| 0 eng d
020 _a8173870659 (hbd)
024 _a9433
037 _bSelective,
037 _cTextual
040 _aCSL
_beng
_cCSL
041 _aeng
082 _aY744.g7HK, N7
100 _aSharma S K Ed.
245 0 _aStudies on Kumaun Himalaya
260 _aNew Delhi
_b Indus Publishing Company
_c1997
300 _a208p.
_ccm.
650 _a Ethnology
650 _a Himalaya
650 _a India
650 _a Kumaun
650 _aEthnology
700 _a Dhoundiyal N C Ed.
942 _hY744.g7HK, N7
_cTEXL
_2CC
999 _c74514
_d74514